000 00303nam a2200121Ia 4500
008 190216s9999||||xx |||||||||||||| ||und||
100 _aMaheshwari Sn&Amp; Maheshwari S K
245 0 _aAdvanced Accountancy
260 _bVikas Publishing House
_c2000
300 _a1345
650 _aCommerce
942 _cBK
999 _c7447
_d7447